000 01048nam a2200277 a 4500
001 BRCA_4400
005 20190320204645.0
008 130810s1993----mx-d######---#000-0#spa-#
020 _a9681639804
041 _aspa
050 4 _bG88 1993
100 1 _aGutiérrez, Ramón A.
_96732
245 1 0 _aCuando Jesús llegó, las madres del maíz se fueron
_bmatrimonio, sexualidad y poder en Nuevo México, 1500-1846
_cRamón A. Gutiérrez ; traducción de Julio Colón Gómez.
260 _aMéxico
_bFCE
_c1993
300 _a428 p.
_bil.
_c23 cm.
500 _aIncluye epílogo
500 _aTraducción de: When Jesus came, the corn Mothers went away: Marriage, Sexuality, and Power in New Mexico, 1500-1846
500 _aColección Sonia Corcuera de Mancera
504 _aBibliografía: p. 403-426
650 1 4 _aMatrimonio
_xHistoria
_zNuevo México
_911173
650 1 4 _aAnasazis
_xConducta sexual
_911174
650 1 4 _aAnasazis
_xCondiciones sociales
_911175
700 1 _aColón Gómez, Julio
_etr.
_911176
902 _aDSC
942 _2lcc
_cB
999 _c4111
_d4111